[Event "Lyon op"]
[Site "Lyon"]
[Date "2005.04.22"]
[Round "8"]
[White "Gonzalo, Yves"]
[Black "Chanel, Virgile"]
[Result "0-1"]
[WhiteElo "1300"]
[BlackElo "1700"]
[PlyCount "54"]
[EventDate "2005.04.16"]
[EventType "swiss"]
[EventRounds "9"]
[EventCountry "FRA"]
[SourceTitle "CBM 105 Extra"]
[Source "ChessBase"]
[SourceDate "2005.05.01"]
[SourceVersion "1"]
[SourceVersionDate "2005.05.01"]
[SourceQuality "1"]

1. e4 d6 2. d4 Nf6 3. Nc3 Nbd7 4. Nf3 e5 5. d5 Be7 6. Bd3 0-0 7. 0-0 Ne8 8. Re1 g6 9. Bh6 Ng7 10. Qd2 Nb6 11. h3 f5 12. exf5 gxf5 13. Ng5 Rf6 14. Bxg7 Kxg7 15. Ne6+ Bxe6 16. dxe6 Qf8 17. Qg5+ Kh8 18. Qh5 Qg7 19. Bxf5 Raf8 20. Bxh7 Qxh7 21. Qxh7+ Kxh7 22. f3 Rxe6 23. Re4 Rg6 24. Rf1 a6 25. f4 Rgf6 26. g3 Rf5 27. Ne2 Bg5 0-1